000 01215nam a2200253Ia 4500
003 Ost
005 20260507074939.0
008 260507s9999||||xx |||||||||||||| ||und||
020 _a9789957493226
040 _cfsecg
041 _aara
082 _a657.46
100 _aالجعارات، خالد جمال
_eمؤلف
245 0 _aمعايير التقارير المالية الدولية 2007 /
_c خالد جمال الجعارات
250 _aطبعة 1
260 _aعمان:
_bاثراء للنشر و التوزيع,
_c2008
300 _a552 صفحة؛
_bإيضاحات ؛
_c24 سم
504 _aبيبليوغرافيا ص.549 ملاحق ص.537
520 _aيحتوي الكتاب على المحاور التالية: خلفية عامة عن معايير التقارير المالية الدولية،القوائم المالية،القوائم المالية الموحدة، الأدوات المالية، العمليات الرأسمالية و التمويلية،العمليات الإيرادية،الملحقات.
653 _aتقارير مالية
653 _aمالية عامة
653 _aمعايير المحاسبة الدولية
942 _cكتاب
999 _c41910
_d41910